| 000 | 00706nam a22002057a 4500 | ||
|---|---|---|---|
| 001 | 86279 | ||
| 003 | BD-RjUL | ||
| 005 | 20260331162010.0 | ||
| 008 | 260331s1966 pk ||||| |||| 00| 0 urd d | ||
| 035 | _a(BD-RjUL)86279 | ||
| 040 |
_aBD-RjUL _beng _cBD-RjUL |
||
| 041 | _aurd | ||
| 082 |
_223 _a801.95 _bRIM 1966 |
||
| 100 |
_a رضوى، سجاد باقر،, , Riẓvī., Sajjād Bāqir _d1928-1992 _917932 |
||
| 245 | 1 | 0 |
_aمغرب کے تنقیدی اصول / Mag̲h̲rib ke tanqīdī ūṣūl / _cسجاد باقر رضوى. / Sajjād Bāqar Riẓvī., |
| 260 |
_aLahore : _bKitabiat, _c1966 |
||
| 300 |
_a335 p. ; _c22 cm |
||
| 650 |
_aLiterary criticism _vWestern criticism / _917933 |
||
| 942 |
_2ddc _cBK |
||
| 999 |
_c86279 _d86279 |
||